Équipe d'Iran de Football - Tous les joueurs (2010-....) - Statistiques

Statistiques générales
  • Ce quiz a été pris 6 fois
  • Le résultat moyen est 3 sur 150
Statistiques - réponses
Première sélection Dernière sélection Joueur Nb de sélections % Correct
2015 Mehdi Taremi 101
100%
2014 Sardar Azmoun 91
67%
2013 Alireza Jahanbakhsh 96
33%
2017 Saman Ghoddos 65
33%
2018 Ali Gholizadeh 42
17%
2015 Alireza Beiranvand 83
17%
2022 Amirhossein Hosseinzadeh 14
17%
2008 2013 Gholamreza Rezaei 50
17%
2015 2022 Kaveh Rezaei 18
17%
2018 Omid Noorafkan 37
17%
2021 Abolfazzl Jalali 8
0%
2017 2018 Ahmad Abdollahzadeh 4
0%
2007 2014 Ahmad Alenemeh 9
0%
2018 Ahmad Nourollahi 31
0%
2017 2017 Akbar Imani 3
0%
2018 Ali Alipour 11
0%
1998 2012 Ali Karimi 127
0%
2016 Ali Karimi 19
0%
2024 Ali Nemati 14
0%
2010 2017 Alireza Haghighi 25
0%
2025 Alireza Koushki 2
0%
2019 Allahyar Sayyadmanesh 9
0%
2024 Amin Hazbavi 7
0%
2018 2022 Amir Abedzadeh 11
0%
2022 Amirali Sadeghi 1
0%
2005 2015 Amir Hossein Sadeghi 22
0%
2005 2016 Andranik Teymourian 101
0%
2010 2012 Arash Afshin 4
0%
2003 2010 Arash Borhani 37
0%
2022 Aref Aghasi 6
0%
2022 Aref Gholami 1
0%
2022 Aria Barzegar 1
0%
2024 Aria Yousefi 11
0%
2023 Armin Sohrabian 1
0%
2012 2019 Ashkan Dejagah 59
0%
2013 2014 Bakhtiar Rahmani 4
0%
2022 Danial Esmaeilifar 5
0%
2016 Danial Mahini 1
0%
2013 2014 Daniel Davari 4
0%
2016 2016 Dariush Shojaeian 3
0%
2001 2011 Ebrahim Mirzapour 70
0%
2008 2024 Ehsan Hajsafi 142
0%
2017 2017 Ehsan Pahlavan 1
0%
2015 2017 Ezzatollah Pourghaz 8
0%
2009 2011 Farshid Talebi 2
0%
2007 2010 Farzad Ashouri 8
0%
2012 2012 Ghasem Dehnavi 6
0%
2010 2014 Ghassem Haddadifar 16
0%
2006 2012 Hadi Aghily 69
0%
2009 2011 Hadi Norouzi 9
0%
2012 2018 Hamed Lak 3
0%
2010 2010 Hamidreza Aliasgari 1
0%
2010 2011 Hanif Omranzadeh 4
0%
2006 2016 Hashem Beikzadeh 20
0%
2008 2010 Hassan Ashjari 13
0%
2025 Hossein Abarghouei 1
0%
2018 Hossein Hosseini 12
0%
2002 2010 Hossein Kaebi 84
0%
2015 Hossein Kanaanizadegan 62
0%
2011 2017 Hossein Mahini 23
0%
2023 Hossein Pourhamidi 1
0%
2001 2011 Iman Mobali 60
0%
2021 2021 Jafar Salmani 2
0%
2007 2018 Jalal Hosseini 115
0%
2001 2012 Javad Kazemian 44
0%
2000 2015 Javad Nekounam 149
0%
2015 2022 Kamal Kamyabinia 6
0%
2009 2024 Karim Ansarifard 104
0%
1993 2010 Karim Bagheri 87
0%
2025 Kasra Taheri 2
0%
2007 2015 Khosro Heydari 59
0%
2015 Mahdi Torabi 51
0%
2025 Majid Aliyari 2
0%
2018 Majid Hosseini 30
0%
2015 2015 Masoud Hassanzadeh 1
0%
2004 2019 Masoud Shojaei 90
0%
2007 2014 Maziar Zare 26
0%
2020 Mehdi Ghayedi 27
0%
2022 Mehdi Hashemnejad 7
0%
2022 Mehdi Mehdipour 3
0%
2025 Mehdi Mohebi 4
0%
2004 2012 Mehdi Rahmati 76
0%
2008 2010 Mehdi Seyed Salehi 12
0%
2014 2015 Mehdi Sharifi 4
0%
2025 Mehdi Tikdari 1
0%
2025 Mehran Ahmadi 2
0%
2019 Mehrdad Mohammadi 5
0%
2009 2014 Mehrdad Oladi 13
0%
2011 2015 Mehrdad Pooladi 29
0%
2003 2010 Mehrzad Madanchi 41
0%
2007 2011 Milad Meydavoudi 29
0%
2015 Milad Mohammadi 73
0%
2012 2012 Milad Nouri 2
0%
2021 2024 Milad Sarlak 13
0%
2023 Milad Zakipour 1
0%
2008 2012 Milad Zeneyedpour 16
0%
2016 2018 Mohammad Ansari 4
0%
2023 Mohammad Daneshgar 2
0%
2012 2012 Mohammad Ebrahimi 4
0%
2011 2013 Mohammad Ghazi 10
0%
2010 2013 Mohammad Gholami 13
0%
2024 Mohammad Ghorbani 13
0%
2023 Mohammad Javad Hosseinnejad 5
0%
2023 Mohammad Karimi 10
0%
2025 Mohammad Khodabandelou 1
0%
2019 Mohammad Mohebi 33
0%
2019 Mohammad Naderi 3
0%
2002 2013 Mohammad Nosrati 81
0%
2008 2013 Mohammad Nouri 27
0%
2015 2021 Mohammad Rashid Mazaheri 3
0%
2016 Mohammad Reza Akhbari 1
0%
2024 Mohammad Reza Azadi 1
0%
2005 2015 Mohammad-Reza Khalatbari 60
0%
2012 2018 Mohammad Reza Khanzadeh 13
0%
2016 2016 Mohammad Tayyebi 1
0%
2011 2014 Mohsan Mosalman 4
0%
2003 2014 Mohsen Bengar 14
0%
2012 2015 Mohsen Forouzan 3
0%
2005 2014 Mojtaba Jabbari 31
0%
2015 Morteza Pouraliganji 54
0%
2015 2016 Omid Alishah 2
0%
2012 2024 Omid Ebrahimi 64
0%
2019 Payam Niazmand 14
0%
2007 2019 Pejman Montazeri 51
0%
2003 2013 Pejman Nouri 49
0%
2008 2014 Rahman Ahmadi 11
0%
2015 Ramin Rezaeian 70
0%
2023 Reza Asadi 10
0%
2012 2018 Reza Ghoochannejhad 44
0%
2012 2014 Reza Haghighi 8
0%
2010 2012 Reza Norouzi 6
0%
2017 Rouzbeh Cheshmi 40
0%
2018 Sadegh Moharrami 30
0%
2015 Saeid Ezatolahi 81
0%
2023 Saeid Mehri 1
0%
2021 Saleh Hardani 16
0%
2023 Saman Fallah 4
0%
2022 Saman Touranian 1
0%
2020 2020 Sasan Ansari 1
0%
2010 2010 Seyed Hosseini 1
0%
2010 2013 Shahab Gordan 4
0%
2023 Shahriyar Moghanlou 18
0%
2009 Shojae Khalilzadeh 54
0%
2020 2021 Siamak Nemati 3
0%
2014 2018 Soroush Rafiei 4
0%
2012 2018 Sosha Makani 5
0%
2013 2014 Steven Beitashour 6
0%
2015 2023 Vahid Amiri 71
0%
2014 2019 Voria Ghafouri 28
0%
2012 2014 Yaghoub Karimi 6
0%
Aucun quiz correspondant
Distribution des résultats
% des personnes avec chaque résultat
Percentile par nombre de réponses
Votre historique - résultats
Vous n’avez pas pris ce quiz